000 01187nam a2200229Ia 4500
001 L100-51850
003 IT-CnALBA
008 170116s9999||||xx |||||||||||||| ||und||
040 _aIT-CnALBA
_cIT-CnALBA
041 _aITALIANO
100 _aBLANDINO GIOVANNI, SJ.
245 0 _aL'ESISTENZA DI DIO.
250 _a1a ed.
260 _a ROMA
_bADP. EDIZIONI
_c2003 [1° Ed.:2003 - Ed.Ling.Originale: 2003]
300 _a48 p.
500 _aFILOSOFIA DELL'ESSERE. ESISTENZA DI DIO. PRIMA PROVA. DAGLI ENTI CONTINGENTI ALLA CAUSA ASSOLUTA E DAGLI ENTI ALL'ENTE ASSOLUTO. VIA ASCENDENTE E DISCENDENTE DELLA PRIMA PROVA. OBIEZIONE CLASSICA. SECONDA PROVA. DALL'ORDINE ALL'ORDINATORE. ORDINE E INTELL
501 _aSocietà San Paolo EM - Piazza San Paolo, 14 - 12051 ALBA (CN) (non commercial uses only) ® Copyright 2017
520 _aFILOSOFIA DELL'ESSERE. ESISTENZA DI DIO. PRIMA PROVA. DAGLI ENTI CONTINGENTI ALLA CAUSA ASSOLUTA E DAGLI ENTI ALL'ENTE ASSOLUTO. VIA ASCENDENTE E DISCENDENTE DELLA PRIMA PROVA. OBIEZIONE CLASSICA. SECONDA PROVA. DALL'ORDINE ALL'ORDINATORE. ORDINE E INTELL
650 _aFILOSOFIA E DISCIPLINE COLLEGATE
942 _cBK
957 _71
999 _a68455
_bNO
_g Copie: 1
_c310733
_d310733